master plan for the implementation of a national integrated monitoring and evaluation system for kenya 2007-2012 (Record no. 663)
[ view plain ]
| 000 -LEADER | |
|---|---|
| fixed length control field | 00381nam a22001097a 4500 |
| 008 - FIXED-LENGTH DATA ELEMENTS--GENERAL INFORMATION | |
| fixed length control field | 230606b xxu||||| |||| 00| 0 eng d |
| 082 ## - DEWEY DECIMAL CLASSIFICATION NUMBER | |
| Classification number | 354.00722 |
| Item number | MAN |
| 110 ## - MAIN ENTRY--CORPORATE NAME | |
| Subordinate unit | Ministry of planning and National development |
| Date of meeting or treaty signing | july 2007 |
| 245 ## - TITLE STATEMENT | |
| Title | master plan for the implementation of a national integrated monitoring and evaluation system for kenya 2007-2012 |
| 300 ## - PHYSICAL DESCRIPTION | |
| Extent | 64p |
| 942 ## - ADDED ENTRY ELEMENTS (KOHA) | |
| Source of classification or shelving scheme | Dewey Decimal Classification |
| Koha item type | Books |
| Withdrawn status | Lost status | Source of classification or shelving scheme | Damaged status | Not for loan | Home library | Current library | Date acquired | Total Checkouts | Full call number | Barcode | Date last seen | Price effective from | Koha item type |
|---|---|---|---|---|---|---|---|---|---|---|---|---|---|
| Dewey Decimal Classification | Bunge Tower Library | Bunge Tower Library | 06/06/2023 | 354.00722 MAN | 10015309 | 06/06/2023 | 06/06/2023 | Books | |||||
| Dewey Decimal Classification | Bunge Tower Library | Bunge Tower Library | 06/06/2023 | 354.00722 MAN | 10015311 | 06/06/2023 | 06/06/2023 | Books |
